|
|
|
|
| LEADER |
02185nab#a2200517#ar4500 |
| 001 |
000128613 |
| 003 |
SVKKK |
| 005 |
20230119092105.0 |
| 008 |
131126d1917 xo |||||||||||||||b|hun |
| FMT |
|
|
|
| 038 |
|
|
|a SVKKK
|
| 040 |
|
|
|a SVKKK
|b slo
|e AACR2
|
| 041 |
0 |
|
|a hun
|
| 044 |
|
|
|a xo
|c SK
|
| 080 |
|
|
|a 355.337
|2 2011
|
| 080 |
|
|
|a 355.336
|2 2011
|
| 080 |
|
|
|a 351.856.2
|2 2011
|
| 080 |
|
|
|a 355.134
|2 2011
|
| 080 |
|
|
|a 94(100)"1914/1918"
|2 2011
|
| 242 |
1 |
0 |
|a Vyznamenaní vojaci 9. honvédskeho pešieho pluku
|
| 245 |
1 |
0 |
|a Kitüntett 9-es honvédek
|
| 520 |
3 |
|
|a Bronzovú medailu za statočnosť dostali: domobranecký čatár János Petrigalla, vojaci János Bögöly, András Olejár, András Horki, János Kusnyir, domobranecký slobodník András Gaál, domobranec Báni Szakál, domobranecký kočiš Samu Dudás.
|
| 545 |
|
|
|a Különfélék
|
| 600 |
1 |
4 |
|a Petrigalla, János
|x vojak c. k. armády
|x domobranecký čatár 9. honvédskeho pešieho pluku
|y 1917
|
| 600 |
1 |
4 |
|a Bögöly, János
|x vojak c. k. armády
|x vojak 9. honvédskeho pešieho pluku
|y 1917
|
| 600 |
1 |
4 |
|a Olejár, András
|x vojak c. k. armády
|x vojak 9. honvédskeho pešieho pluku
|y 1917
|
| 600 |
1 |
4 |
|a Horki, András
|x vojak c. k. armády
|x vojak 9. honvédskeho pešieho pluku
|y 1917
|
| 600 |
1 |
4 |
|a Kusnyir, János
|x vojak c. k. armády
|x vojak 9. honvédskeho pešieho pluku
|y 1917
|
| 600 |
1 |
4 |
|a Gaál, András
|x vojak c. k. armády
|x domobranecký slobodník 9. honvédskeho pešieho pluku
|y 1917
|
| 600 |
1 |
4 |
|a Szakál, Báni
|x vojak c. k. armády
|x domobranec 9. honvédskeho pešieho pluku
|y 1917
|
| 600 |
1 |
4 |
|a Dudás, Samu
|x vojak c. k. armády
|x domobranecký kočiš 9. honvédskeho pešieho pluku v zálohe
|y 1917
|
| 610 |
0 |
4 |
|a 9. honvédsky peší pluk v Košiciach
|z Košice (Slovensko)
|
| 648 |
0 |
4 |
|a 1917
|
| 650 |
0 |
4 |
|a vyznamenania
|
| 650 |
0 |
4 |
|a medaily
|
| 650 |
0 |
4 |
|a vojaci
|
| 650 |
0 |
4 |
|a poddôstojníci
|
| 650 |
0 |
4 |
|a prvá svetová vojna, 1914-1918
|
| 655 |
|
4 |
|a hungariká
|
| 773 |
0 |
|
|t Szepesi Lapok : Politikai És Tátrai Ujság
|g Roč. XXXIII, č. 117 (16.10.1917), s. 2
|
| 958 |
|
|
|a HU
|
| 974 |
|
|
|a vsz
|
| 992 |
|
|
|a RBX
|
| BAS |
|
|
|
| 852 |
|
|
|a SVKKK
|b BIB
|
| 998 |
|
|
|a RETRO
|